000 00483nam a2200145Ia 4500
008 220216s9999 xx 000 0 und d
100 _aJoseph M
245 0 _aPhosphorus uptake by rubber (Hevea brasiliensis: Modifications at the rhizosphere for improved uptake
260 _bInternational Natural Rubber Conference, 13-14 November 2006, Ho Chi Minh City, Vietnam
700 _aJoseph K
700 _aKrishnakumar R
700 _aNeuman G
700 _aSyamala V K
942 _cBS
999 _c53178
_d53178